BBC Merlin trivia - Statistics

General Stats
  • This quiz has been taken 617 times
    616 since last reset
  • The average score is 7 of 17
Answer Stats
Question Answer % Correct
When is Merlin due to arrive in Camelot? (what day) Wednesday
81%
Who dispatched Merlin to seek a new life under Gaius's mentorship? His mother
66%
Vengeful sorceress Mary Collins attempted to murder Arthur while disguised as what? (episode: The Dragon's Call) A famous singer
58%
Who was the first person to call Merlin by his druid name, "Emrys"? Mordred
58%
The hapless king of Mercia was framed for whose attempted murder? (episode: The Poisoned Chalice) Arthur
56%
Merlin first transformed himself into an old man as part of a plan to prevent whose execution? guinevere
55%
During one confrontation, what kind of animal did Morgana transform Gwen into? A deer
51%
What object did Arthur have to recover from the devastated land of the Fisher King? The golden trident
50%
What is the name of the episode of Doctor Who Colin Morgan appeared in? Midnight
43%
Morgause awakened the Knights of Medhir to attack Camelot – but how many of these legendary knights were there? 7
41%
What substance did Morgause use to make Uther succumb to terrifying hallucinations? Mandrake root
32%
Merlin fell in love with the cursed druid girl Freya after she was brought to Camelot by a…? bounty hunter
28%
What originally led to Gaius separating from his old flame Alice? The Great Purge
24%
What was the name of the Keeper of the Unicorns, who tested Arthur's worth? Anhora
16%
Gwaine first proved his greatness when he saved Arthur from…? drunk men
10%
The sorceress Nimueh caused a deadly plague in Camelot using what? an Afanc
8%
The brave knight Percival was wounded with a crossbow during a quest which led to the discovery of what? The Tomb of Ashkanar
1%
No matching quizzes found
Score Distribution
Percent of People with Each Score
Percentile by Number Answered
Your Score History
You have not taken this quiz since the last reset